| 000 | 00292 a2200097 4500 | ||
|---|---|---|---|
| 082 | _a954.9120521 BAN | ||
| 100 | _aBanerjee,M | ||
| 245 |
_aThe Pathan Unarmed : opposition and memory in the north west frontier / _cM.Banerjee |
||
| 260 |
_aUK : _cOxford university press, _b2000 |
||
| 300 |
_a238p. : _c25cm |
||
| 650 | _ahistory | ||
| 999 |
_c1869 _d1869 |
||